000 01059cab a2200193 4500
001 ABS40384
008 090401t1989 xxu||||| |||| 00| 0 eng d
035 _a(Sirsi) u23447
041 _aeng
100 _aMynors, C.
245 4 _aThe new General Development Order : Parts 1 and 2
260 _c1989
350 _a0
490 _aSolicitors` Journal
_v133(4) 27 January 1989, 104-106
520 _aPart I explains the changes introduced in the new General Development Order , which came into force on 5 December 1988. Highlights amendments to permitted development limits, entitlement to compensation where permission is refused and further changes under consideration. Part II concentrates on the significant changes relating to minor residential development and restrictions relating to dwelling-houses located within conservation areas. Concludes by reviewing the changes to permitted development limits applying to listed buildings , especially listed dwelling-houses.
690 _aPLANNING LAW AND PRACTICE
942 _n0
948 _c04/03/1997
999 _c15671
_d15671